Alapelvek a páncélos csapatok harcászati alkalmazására (Az Orosz Katonai Szemle 1946. évfolyamának 21. számában Szergejev P. alezredes „A páncélos csapatok harcászati alkalmazása az Amerikai Egyesült Államok hadseregében" című tanulmánya)

Elmentve itt :
Bibliográfiai részletek
Dokumentumtípus: Cikk
Megjelent: 1947
Sorozat:Honvéd : katonai folyóirat 2 No. 8
Kulcsszavak:Hadtudomány
Online Access:http://misc.bibl.u-szeged.hu/3416
LEADER 00735nab a2200157 i 4500
001 misc3416
005 20191106141811.0
008 170607s1947 hu o 0|| hun d
040 |a SZTE Miscellanea Repozitórium  |b hun 
041 |a hun 
245 0 0 |a Alapelvek a páncélos csapatok harcászati alkalmazására   |h [elektronikus dokumentum] :  |b (Az Orosz Katonai Szemle 1946. évfolyamának 21. számában Szergejev P. alezredes „A páncélos csapatok harcászati alkalmazása az Amerikai Egyesült Államok hadseregében" című tanulmánya) 
260 |c 1947 
300 |a 62-66 
490 0 |a Honvéd : katonai folyóirat  |v 2 No. 8 
695 |a Hadtudomány 
856 4 0 |u http://misc.bibl.u-szeged.hu/3416/1/honved_002_008_062-066.pdf  |z Dokumentum-elérés